00647cam a2200193 a 4500020001500000020002200015040000800037082002600045100002100071245006800092260005500160300002500215650002100240650001900261650002000280700002100300856006600321856006600387 a0803945744 a0803945752 (pbk.) cDLC00a808 SAG 1992 A093 Or.1 aHilgers, Thomas,10aMaking your writing program work :ba guide to good practices / aNewbury Park, Calif. :bSage Publications,cc1992. aix, 318 p. ;c23 cm. 0aEnglish language 0aReport writing 0aWriting centers1 aMarsella, Joy A.42uhttp://www.loc.gov/catdir/enhancements/fy0655/92028929-d.html41uhttp://www.loc.gov/catdir/enhancements/fy0655/92028929-t.html